[Event "Knighthood Blitz"]
[Site "Vishy Anand Arena"]
[Date "2020.08.01"]
[Round "5"]
[White "Gupta_Sankalp"]
[Black "Johncking"]
[Result "0-1"]
[WhiteElo "2392"]
[BlackElo "2304"]
[Annotator "TA"]
[PlyCount "148"]
[EventDate "2020.08.01"]
[EventType "swiss (blitz)"]

1. e4 c5 2. Nf3 d6 3. d4 cxd4 4. Qxd4 Nf6 5. Nc3 Nc6 6. Bb5 Bd7 7. Bxc6 Bxc6 8. Bg5 e6 9. O-O-O Be7 10. Qd3 O-O 11. h4 b5 12. Nd4 Rc8 13. Ndxb5 Bxb5 14. Nxb5 Qa5 15. Kb1 Rb8 16. c4 h6 17. Bd2 Qb6 18. Be3 Qb7 19. Bd4 Nxe4 20. f3 Ng3 21. Rhe1 a6 22. Na3 Nf5 23. Bc3 Bxh4 24. Rh1 Bg3 25. Nc2 Rfd8 26. b3 d5 27. c5 d4 28. Bb2 Rbc8 29. Qe4 Qb5 30. Nxd4 Qxc5 31. Nxf5 exf5 32. Rxd8+ Rxd8 33. Qc2 Qxc2+ 34. Kxc2 Bf4 35. Bc3 Rc8 36. Kd3 f6 37. b4 Be5 38. Bd2 Rd8+ 39. Kc2 Kf7 40. a4 Rc8+ 41. Kb3 Rd8 42. Kc2 Ke6 43. f4 Bd4 44. Re1+ Kd6 45. Kb3 Kd5 46. Re7 g5 47. g3 Rc8 48. Rd7+ Ke4 49. b5 axb5 50. axb5 Bf2 51. Re7+ Kf3 52. Rf7 Bxg3 53. Rxf6 Bxf4 54. Rxf5 Kg4 55. Rd5 Bxd2 56. Rxd2 h5 57. Rd4+ Kh3 58. Rd5 Kh4 59. b6 g4 60. b7 Rb8 61. Rd7 Kg3 62. Kc4 h4 63. Kd3 h3 64. Ke2 h2 65. Rd3+ Kg2 66. Rd1 Rxb7 67. Ke3 Re7+ 68. Kf4 g3 69. Rd2+ Kh3 70. Rd3 Rf7+ 71. Kg5 h1=Q 72. Rd4 Qc1+ 73. Rf4 Qxf4+ 74. Kg6 Rh7 0-1

[Event "Knighthood Blitz"]
[Site "Vishy Anand Arena"]
[Date "2020.08.01"]
[Round "5"]
[White "Pabh"]
[Black "Suyash45"]
[Result "1-0"]
[WhiteElo "2370"]
[BlackElo "1981"]
[Annotator "NA"]
[PlyCount "121"]
[EventDate "2020.08.01"]
[EventType "swiss (blitz)"]

1. e4 c5 2. Nc3 e6 3. g3 d5 4. exd5 exd5 5. Bg2 Nf6 6. Nge2 Nc6 7. d4 cxd4 8. Nxd4 Bc5 9. Qe2+ Qe7 10. Qxe7+ Kxe7 11. Nb3 Bb4 12. Bd2 Rd8 13. O-O-O Be6 14. Nb5 Bxd2+ 15. Rxd2 Ne4 16. Re2 Rac8 17. Rhe1 Kf8 18. N5d4 Nb4 19. Kb1 Re8 20. a3 Na6 21. Nxe6+ Rxe6 22. Bh3 Rce8 23. Bxe6 Rxe6 24. f3 Ng5 25. Nd4 Rxe2 26. Rxe2 Nc7 27. h4 Nge6 28. Nxe6+ fxe6 29. Kc1 Ke7 30. Kd2 Kf6 31. g4 e5 32. Kd3 Ne6 33. Rd2 Nf4+ 34. Ke3 b5 35. Kf2 g5 36. hxg5+ Kxg5 37. b3 h5 38. gxh5 Kxh5 39. c4 bxc4 40. bxc4 d4 41. c5 Kg5 42. c6 Ne6 43. Rb2 Kf6 44. Rb7 a5 45. c7 Nxc7 46. Rxc7 Ke6 47. Ra7 Kd5 48. Rxa5+ Kd6 49. a4 Ke6 50. Rb5 Kf5 51. a5 Kf4 52. a6 e4 53. fxe4 d3 54. a7 d2 55. Ke2 d1=Q+ 56. Kxd1 Ke3 57. a8=Q Kf3 58. Qd5 Kf4 59. Rb3 Kg4 60. Qf5+ Kh4 61. Rh3# 1-0

[Event "Knighthood Blitz"]
[Site "Vishy Anand Arena"]
[Date "2020.08.01"]
[Round "5"]
[White "MasteredUI"]
[Black "Babysnake"]
[Result "0-1"]
[WhiteElo "2369"]
[BlackElo "2423"]
[PlyCount "68"]
[EventDate "2020.08.01"]
[EventType "swiss (blitz)"]

1. d4 e6 2. c4 b6 3. e4 Bb7 4. Bd3 Nc6 5. Nf3 Nb4 6. O-O Nxd3 7. Qxd3 Ne7 8. Nc3 g6 9. Bg5 Bg7 10. e5 O-O 11. Ne4 Bxe4 12. Qxe4 d6 13. Rad1 h6 14. Bh4 g5 15. Nxg5 hxg5 16. Bxg5 Qd7 17. Rd3 Ng6 18. h4 d5 19. Qg4 dxc4 20. Rg3 c5 21. dxc5 Nxe5 22. Qe4 Qd5 23. Qe2 f6 24. Rd1 Qxc5 25. Bh6 Rf7 26. Qe4 Qc6 27. Qf4 Raf8 28. h5 Qc7 29. Rd4 Nd3 30. Rxg7+ Rxg7 31. Qxc7 Rxc7 32. Rg4+ Kh7 33. Bxf8 Nxb2 34. Ba3 c3 0-1

[Event "Knighthood Blitz"]
[Site "Vishy Anand Arena"]
[Date "2020.08.01"]
[Round "5"]
[White "Fidodido"]
[Black "Mbachez90"]
[Result "1-0"]
[WhiteElo "2331"]
[BlackElo "2160"]
[Annotator "NA"]
[PlyCount "139"]
[EventDate "2020.08.01"]
[EventType "swiss (blitz)"]

1. d4 Nf6 2. c4 Nc6 3. Nf3 e6 4. Nc3 Bb4 5. Bd2 O-O 6. Qc2 d6 7. a3 Bxc3 8. Bxc3 Re8 9. e3 Qe7 10. Be2 e5 11. d5 Nb8 12. Nd2 a5 13. O-O a4 14. Rae1 Nbd7 15. Bd3 Nc5 16. f3 c6 17. e4 Bd7 18. Rf2 Nxd3 19. Qxd3 Rec8 20. Bb4 c5 21. Bc3 b5 22. cxb5 Rcb8 23. Qe3 Bxb5 24. h3 Kh8 25. f4 Nd7 26. fxe5 Nxe5 27. Qg3 f6 28. Re3 Rf8 29. Qh4 Be8 30. Rg3 Ng6 31. Qg4 Bd7 32. Qh5 Kg8 33. Kh2 Rae8 34. Nc4 Bb5 35. Ne3 Qxe4 36. Nf5 Bd7 37. Nxd6 Qe7 38. Nxe8 Bxe8 39. Qe2 Qc7 40. Qe6+ Bf7 41. d6 Qc6 42. Qe3 Qxd6 43. Kg1 Re8 44. Qf3 Bd5 45. Qg4 Re4 46. Qc8+ Kf7 47. Rd3 Nf4 48. Rd1 Nxh3+ 49. Qxh3 h6 50. Qh5+ Ke6 51. Qe8+ Qe7 52. Qg8+ Qf7 53. Qc8+ Qd7 54. Qxd7+ Kxd7 55. Rxd5+ Kc6 56. Rfd2 Rc4 57. Kf2 Kb5 58. Rd6 Rf4+ 59. Ke3 Rf5 60. Ke4 Rg5 61. Rd7 Rg4+ 62. Kd3 Rg5 63. Kc2 Rg3 64. R2d6 Kc4 65. Bd2 Rxg2 66. Rb7 f5 67. Ra7 f4 68. Rxa4+ Kb5 69. Ra5+ Kc4 70. b3# 1-0

[Event "Knighthood Blitz"]
[Site "Vishy Anand Arena"]
[Date "2020.08.01"]
[Round "5"]
[White "Gak_chess"]
[Black "Dust Tornado"]
[Result "0-1"]
[WhiteElo "2319"]
[BlackElo "2796"]
[Annotator "TA"]
[PlyCount "130"]
[EventDate "2020.08.01"]
[EventType "swiss (blitz)"]

1. d4 d5 2. c4 c6 3. Nc3 Nf6 4. e3 e6 5. Nf3 Nbd7 6. Qc2 Bd6 7. b3 O-O 8. Be2 e5 9. cxd5 cxd5 10. Nb5 Bb4+ 11. Bd2 Bxd2+ 12. Nxd2 a6 13. dxe5 Nxe5 14. Nd4 Bg4 15. O-O Rc8 16. Qd1 Re8 17. h3 Bxe2 18. Qxe2 Qd7 19. Rfd1 Rc7 20. N2f3 Ng6 21. Qd3 Rec8 22. Qf5 Qe8 23. Ne2 Rc2 24. Nfd4 R2c7 25. Ng3 Ne4 26. Nh5 Qe5 27. Qxe5 Nxe5 28. Nf5 Nc3 29. Rd2 g6 30. Nf6+ Kh8 31. Ng3 Kg7 32. Nxd5 Rd7 33. e4 Rcd8 34. f4 Nc6 35. Rc1 Nxd5 36. exd5 Rxd5 37. Rxd5 Rxd5 38. Rc2 Rd1+ 39. Kf2 Ra1 40. Ne2 Nb4 41. Rc7 b5 42. Nc3 Nxa2 43. Ne4 Nc1 44. Ng5 Nxb3 45. Rxf7+ Kg8 46. Rxh7 Ra2+ 47. Kg3 Nd4 48. Ra7 b4 49. Rb7 b3 50. Nf3 Nxf3 51. Kxf3 b2 52. Kg4 a5 53. Kg5 a4 54. Kxg6 Kf8 55. f5 b1=Q 56. Rxb1 Rxg2+ 57. Kf6 Ke8 58. Rb8+ Kd7 59. Ra8 Ra2 60. Kf7 a3 61. f6 Ra1 62. Kf8 a2 63. f7 Ke6 64. Ke8 Rb1 65. f8=Q Rb8+ 0-1

[Event "Knighthood Blitz"]
[Site "Vishy Anand Arena"]
[Date "2020.08.01"]
[Round "5"]
[White "Arjunkalyan"]
[Black "Pshyaamnikhil"]
[Result "1-0"]
[WhiteElo "2280"]
[BlackElo "2340"]
[PlyCount "59"]
[EventDate "2020.08.01"]
[EventType "swiss (blitz)"]

1. e4 e5 2. Nf3 Nc6 3. Bc4 Nf6 4. d3 Bc5 5. c3 O-O 6. O-O a6 7. a4 Re8 8. Re1 h6 9. h3 Bf8 10. Nbd2 d6 11. b4 Ne7 12. Qb3 d5 13. exd5 Nexd5 14. Rxe5 Rxe5 15. Nxe5 Be6 16. Ndf3 c6 17. Qc2 b5 18. Bb3 Rc8 19. d4 Bd6 20. Bd2 Qe7 21. Re1 Qc7 22. Qc1 Re8 23. Bc2 Nh7 24. Bxh6 gxh6 25. Qxh6 f5 26. Nxc6 Ndf6 27. d5 Bxd5 28. Rxe8+ Nxe8 29. Ncd4 Qg7 30. Qh5 1-0

[Event "Knighthood Blitz"]
[Site "Vishy Anand Arena"]
[Date "2020.08.01"]
[Round "5"]
[White "Aradhya"]
[Black "Oligarkh"]
[Result "0-1"]
[WhiteElo "2267"]
[BlackElo "2668"]
[Annotator "TA"]
[PlyCount "112"]
[EventDate "2020.08.01"]
[EventType "swiss (blitz)"]

1. d4 d5 2. Nf3 c6 3. Bf4 Nf6 4. e3 Bg4 5. Nbd2 Nbd7 6. Bd3 e6 7. O-O Be7 8. c4 O-O 9. Qb3 Qc8 10. h3 Bxf3 11. Nxf3 a5 12. a3 a4 13. Qc2 g6 14. Rac1 Re8 15. Rfd1 Bf8 16. g4 Bg7 17. Kg2 Nb6 18. c5 Nbd7 19. Ne5 Qd8 20. Qd2 Bf8 21. Nxd7 Nxd7 22. Bg3 e5 23. f4 exd4 24. exd4 Bg7 25. Bf2 Nf6 26. Re1 Qd7 27. Qc2 h5 28. g5 Nh7 29. f5 Nxg5 30. Be3 Ne4 31. fxg6 fxg6 32. Bf2 Ng5 33. Rh1 Re4 34. Bxe4 Nxe4 35. Rcf1 Re8 36. Qc1 Kh7 37. Qf4 Rf8 38. Qe3 Rf5 39. Bh4 Bh6 40. Qe2 Bf4 41. Rf3 Kh6 42. Rhf1 g5 43. Be1 Qf7 44. Bd2 Nxd2 45. Qxd2 Bxd2 46. Rxf5 Qe7 47. Re5 Qd7 48. Rf6+ Kg7 49. Rfe6 Qd8 50. Re7+ Kf8 51. Rxb7 Bf4 52. Rf5+ Kg8 53. Rbf7 Qe8 54. R7f6 Qe2+ 55. Kg1 Be3+ 56. Kh1 Qe1+ 0-1

[Event "Knighthood Blitz"]
[Site "Vishy Anand Arena"]
[Date "2020.08.01"]
[Round "5"]
[White "Viani A Dcunha"]
[Black "Fire_on_board"]
[Result "0-1"]
[WhiteElo "2244"]
[BlackElo "1975"]
[PlyCount "70"]
[EventDate "2020.08.01"]
[EventType "swiss (blitz)"]

1. e4 c5 2. Nf3 e6 3. d4 cxd4 4. Nxd4 Nf6 5. Nc3 Nc6 6. Nxc6 bxc6 7. e5 Nd5 8. Ne4 Qc7 9. f4 Qb6 10. c4 Bb4+ 11. Ke2 f5 12. Nd6+ Bxd6 13. exd6 Ba6 14. Kf3 Nf6 15. b3 O-O 16. Bb2 Ne4 17. Bd4 c5 18. Be5 Bb7 19. Ke3 a5 20. Rg1 a4 21. Rb1 axb3 22. Rxb3 Qc6 23. g4 Rxa2 24. gxf5 Ng3 25. Rb2 Qe4+ 26. Kd2 Rxb2+ 27. Bxb2 Qxf4+ 28. Kc2 Be4+ 29. Bd3 Qf2+ 30. Kc1 Qe3+ 31. Kc2 Bxd3+ 32. Qxd3 Qxg1 33. fxe6 Qf2+ 34. Kb3 Rb8+ 35. Ka4 Qxb2 0-1

[Event "Knighthood Blitz"]
[Site "Vishy Anand Arena"]
[Date "2020.08.01"]
[Round "5"]
[White "Snitin"]
[Black "Hitter1999"]
[Result "0-1"]
[WhiteElo "2241"]
[BlackElo "2431"]
[Annotator "NA"]
[PlyCount "48"]
[EventDate "2020.08.01"]
[EventType "swiss (blitz)"]

1. e4 c5 2. Nf3 d6 3. d4 cxd4 4. Nxd4 e5 5. Nb3 Nf6 6. Bg5 Be7 7. Nc3 O-O 8. Bxf6 Bxf6 9. Bc4 Be6 10. Nd5 Nd7 11. O-O Rc8 12. Nd2 Bg5 13. Nf3 Rxc4 14. Qd3 Rc6 15. Rad1 Be7 16. c4 Nf6 17. Ne3 Qa5 18. a3 Rfc8 19. b4 Qa4 20. Nd2 b5 21. Nd5 Bxd5 22. exd5 bxc4 23. Qf3 R6c7 24. g4 c3 0-1

[Event "Knighthood Blitz"]
[Site "Vishy Anand Arena"]
[Date "2020.08.01"]
[Round "5"]
[White "Superind2002"]
[Black "lsr"]
[Result "1-0"]
[WhiteElo "2232"]
[BlackElo "2149"]
[Annotator "NA"]
[PlyCount "87"]
[EventDate "2020.08.01"]
[EventType "swiss (blitz)"]

1. e4 e6 2. d4 d5 3. Nc3 Nc6 4. Nf3 Nf6 5. e5 Ne4 6. Bd3 Bb4 7. Bd2 f5 8. exf6 Nxf6 9. O-O O-O 10. Re1 Bd6 11. h3 Bd7 12. Bg5 h6 13. Be3 Be8 14. Qd2 Bh5 15. Nh2 Qd7 16. f4 Ne7 17. g4 Bg6 18. Nf3 Bxd3 19. cxd3 Ng6 20. Ne5 Bxe5 21. dxe5 Nxg4 22. hxg4 d4 23. Ne2 dxe3 24. Qxe3 Rad8 25. Rad1 Qa4 26. Rf1 Qxa2 27. f5 Ne7 28. Nd4 Nd5 29. Qg3 Qxb2 30. Nxe6 Qb6+ 31. d4 Rfe8 32. Nxd8 Rxd8 33. g5 hxg5 34. Qxg5 Rd7 35. e6 Rd6 36. f6 Nxf6 37. Rxf6 Rxd4 38. Rxd4 Qxd4+ 39. Rf2 Qd1+ 40. Kg2 Qd3 41. e7 Qe4+ 42. Kh2 Kh7 43. Qh5+ Kg8 44. Rf8# 1-0

[Event "Knighthood Blitz"]
[Site "Vishy Anand Arena"]
[Date "2020.08.01"]
[Round "5"]
[White "Vinniethepooh"]
[Black "Sanjo_hunter"]
[Result "1-0"]
[WhiteElo "2200"]
[BlackElo "1586"]
[PlyCount "113"]
[EventDate "2020.08.01"]
[EventType "swiss (blitz)"]

1. d4 d5 2. c4 Nf6 3. Nc3 e6 4. cxd5 Nxd5 5. e4 Nxc3 6. bxc3 Be7 7. Nf3 O-O 8. Bd3 c5 9. O-O cxd4 10. cxd4 Nc6 11. Be3 b6 12. Rc1 Bb7 13. Re1 Qc7 14. d5 exd5 15. exd5 Bb4 16. Re2 Bc5 17. Bxc5 bxc5 18. dxc6 Bxc6 19. Be4 Bxe4 20. Rxe4 Rad8 21. Qc2 Qb7 22. Re2 Rc8 23. Qe4 Qb5 24. Ng5 g6 25. Rec2 Rce8 26. Qh4 h5 27. Ne4 Qd3 28. Nf6+ Kg7 29. Nxe8+ Rxe8 30. h3 Re4 31. Qg3 Qd4 32. Qc3 Qxc3 33. Rxc3 Re2 34. R1c2 Re1+ 35. Kh2 Re7 36. Rxc5 Rb7 37. h4 a6 38. g3 Re7 39. Kg2 Rb7 40. Rc6 a5 41. Rc7 Rb6 42. Rd2 Ra6 43. Rdd7 Rf6 44. Ra7 Rf5 45. a4 Kf6 46. Rdb7 Kg7 47. Rb5 Rf6 48. Rbxa5 Re6 49. R5a6 Re5 50. Ra8 Rf5 51. a5 Re5 52. R6a7 Rf5 53. a6 Re5 54. Rb7 Rb5 55. a7 Rxb7 56. Rg8+ Kxg8 57. a8=Q+ 1-0

[Event "Knighthood Blitz"]
[Site "Vishy Anand Arena"]
[Date "2020.08.01"]
[Round "5"]
[White "Ambitious"]
[Black "Alanp"]
[Result "0-1"]
[WhiteElo "2168"]
[BlackElo "2454"]
[Annotator "RC"]
[PlyCount "84"]
[EventDate "2020.08.01"]
[EventType "swiss (blitz)"]

1. e4 e5 2. Nf3 Nc6 3. Bb5 a6 4. Ba4 Nf6 5. d4 exd4 6. O-O Be7 7. e5 Nd5 8. c3 O-O 9. Bc2 d6 10. cxd4 Bg4 11. Be4 dxe5 12. dxe5 Nb6 13. Qc2 Bxf3 14. Bxf3 Nd4 15. Qe4 Nxf3+ 16. Qxf3 Qd5 17. Qxd5 Nxd5 18. Nd2 Nf4 19. Nf3 Nd3 20. Bd2 c5 21. Bc3 b5 22. Rfd1 Rfd8 23. Ba5 Rd7 24. Rd2 c4 25. b3 Rc8 26. bxc4 bxc4 27. g3 Bc5 28. Kg2 g5 29. h3 Rd5 30. Rad1 Bxf2 31. Rxf2 Rxa5 32. Rc2 Nb4 33. Rcd2 c3 34. Rd8+ Rxd8 35. Rxd8+ Kg7 36. Nd4 Rxa2+ 37. Kf3 h5 38. g4 hxg4+ 39. hxg4 c2 40. Rc8 Nd3 41. Nxc2 Rxc2 42. Rxc2 Ne1+ 0-1

[Event "Knighthood Blitz"]
[Site "Vishy Anand Arena"]
[Date "2020.08.01"]
[Round "5"]
[White "Skkeyan"]
[Black "J2d"]
[Result "1-0"]
[WhiteElo "2162"]
[BlackElo "2437"]
[PlyCount "163"]
[EventDate "2020.08.01"]
[EventType "swiss (blitz)"]

1. e4 e5 2. Nf3 Nc6 3. Bb5 Nf6 4. O-O Nxe4 5. Re1 Nd6 6. Nxe5 Be7 7. Bf1 O-O 8. Nf3 Nf5 9. d4 d5 10. Nc3 Bf6 11. Ne2 Nce7 12. c3 Ng6 13. Ng3 Nfh4 14. Bd3 Bg4 15. Be2 Be6 16. Nxh4 Nxh4 17. Bg4 Bxg4 18. Qxg4 c6 19. Bf4 Ng6 20. Nh5 Be7 21. g3 Bd6 22. h4 Bxf4 23. Nxf4 Nxf4 24. Qxf4 Qd7 25. Re3 Rae8 26. Rae1 Rxe3 27. Rxe3 h6 28. Qe5 Qd8 29. Qe7 Qb6 30. b4 Qa6 31. a4 b6 32. Qc7 Qxa4 33. Re7 a5 34. Qxb6 Qd1+ 35. Kg2 a4 36. Qxc6 Qb3 37. Ra7 a3 38. b5 a2 39. b6 Qb2 40. Qa4 Qxb6 41. Qxa2 Qe6 42. Qc2 g6 43. Qd3 Rc8 44. Ra6 Qe7 45. h5 gxh5 46. Rxh6 Qe4+ 47. Qxe4 dxe4 48. Rxh5 Rxc3 49. Rg5+ Kf8 50. Re5 Rd3 51. Rxe4 Kg7 52. g4 f6 53. f3 Kf7 54. Kg3 Kg6 55. Kf4 Rd1 56. Ke3 Re1+ 57. Kd3 Rf1 58. f4 Rg1 59. f5+ Kf7 60. Kc4 Rc1+ 61. Kd5 Ra1 62. Kc6 Ra6+ 63. Kb5 Ra1 64. d5 Rd1 65. Kc6 Rc1+ 66. Kd7 Rd1 67. d6 Kg7 68. Re7+ Kh6 69. Ke6 Kg5 70. d7 Re1+ 71. Kf7 Rd1 72. Ke8 Kxg4 73. d8=Q Rxd8+ 74. Kxd8 Kxf5 75. Kd7 Kg4 76. Kd6 f5 77. Ke5 f4 78. Ke4 f3 79. Rg7+ Kh5 80. Kxf3 Kh6 81. Rg1 Kh7 82. Kf4 1-0

[Event "Knighthood Blitz"]
[Site "Vishy Anand Arena"]
[Date "2020.08.01"]
[Round "5"]
[White "RATHNAKARAN"]
[Black "Lightsaber"]
[Result "1-0"]
[WhiteElo "2133"]
[BlackElo "2219"]
[PlyCount "87"]
[EventDate "2020.08.01"]
[EventType "swiss (blitz)"]

1. e4 c5 2. Nf3 Nc6 3. Bb5 g6 4. O-O Bg7 5. Re1 Nf6 6. e5 Nd5 7. Nc3 Nc7 8. Bxc6 dxc6 9. Ne4 b6 10. d3 O-O 11. h3 Ne6 12. a4 a5 13. Be3 Nd4 14. Bxd4 cxd4 15. Qd2 c5 16. Qf4 Be6 17. Neg5 Bd5 18. e6 Bxe6 19. Nxe6 fxe6 20. Qg4 e5 21. Qe6+ Kh8 22. Nxe5 Bxe5 23. Qxe5+ Rf6 24. Qxe7 Qxe7 25. Rxe7 Raf8 26. f3 Rb8 27. Rae1 h5 28. b3 b5 29. axb5 Rxb5 30. Ra7 Rf8 31. Ree7 Rc8 32. Rh7+ Kg8 33. Rag7+ Kf8 34. Rxg6 Rcb8 35. Rgg7 Rb4 36. Ra7 Kg8 37. Rxh5 a4 38. bxa4 c4 39. dxc4 Rxc4 40. Rg5+ Kh8 41. Rd7 Ra8 42. a5 Rxc2 43. Rxd4 Ra2 44. Rh4# 1-0

[Event "Knighthood Blitz"]
[Site "Vishy Anand Arena"]
[Date "2020.08.01"]
[Round "5"]
[White "Harishankkar"]
[Black "Acxea"]
[Result "1-0"]
[WhiteElo "2129"]
[BlackElo "2220"]
[PlyCount "87"]
[EventDate "2020.08.01"]
[EventType "swiss (blitz)"]

1. e4 c6 2. d4 d5 3. Nc3 dxe4 4. Nxe4 Nf6 5. Nxf6+ exf6 6. c3 Bd6 7. Bd3 O-O 8. Qc2 Re8+ 9. Ne2 h5 10. O-O Qc7 11. h3 Be6 12. Be3 Nd7 13. Qd2 Nf8 14. Nf4 g6 15. c4 Rad8 16. d5 cxd5 17. cxd5 Bc8 18. Rac1 Qb8 19. g3 Nh7 20. Nxg6 fxg6 21. Bxg6 Re7 22. Bd4 Ng5 23. f4 Nxh3+ 24. Kh2 Bg4 25. Rce1 Rxe1 26. Rxe1 Kg7 27. Qd3 Rh8 28. Bf5 Qf8 29. Re6 Rh6 30. Kg2 Bxf4 31. Bxg4 hxg4 32. Qe4 Bd6 33. Qxg4+ Rg6 34. Qxh3 Rxg3+ 35. Qxg3+ Bxg3 36. Kxg3 Qb4 37. Bxf6+ Kf7 38. Bc3 Qc4 39. Re5 Qxa2 40. d6 Qa4 41. Re7+ Kf8 42. Bg7+ Kg8 43. d7 Qb3+ 44. Bc3 1-0

[Event "Knighthood Blitz"]
[Site "Vishy Anand Arena"]
[Date "2020.08.01"]
[Round "5"]
[White "Hickey"]
[Black "Whitefalcon"]
[Result "0-1"]
[WhiteElo "2127"]
[BlackElo "1998"]
[PlyCount "50"]
[EventDate "2020.08.01"]
[EventType "swiss (blitz)"]

1. Nf3 Nf6 2. b3 g6 3. Bb2 Bg7 4. g3 d6 5. Bg2 O-O 6. O-O e5 7. d3 Nc6 8. a3 Ne8 9. b4 f5 10. Nbd2 e4 11. Bxg7 exf3 12. Bxf8 fxg2 13. Kxg2 Kxf8 14. e4 Nf6 15. c3 Kg7 16. Qc2 fxe4 17. Nxe4 Bf5 18. Rae1 d5 19. Ng5 Qd7 20. Kh1 h6 21. Nf3 Bg4 22. Nh4 g5 23. Ng2 Bf3 24. Re3 Qh3 25. Rxf3 Ng4 0-1

[Event "Knighthood Blitz"]
[Site "Vishy Anand Arena"]
[Date "2020.08.01"]
[Round "5"]
[White "Gamechanger"]
[Black "Bestluck"]
[Result "1-0"]
[WhiteElo "2123"]
[BlackElo "2117"]
[PlyCount "99"]
[EventDate "2020.08.01"]
[EventType "swiss (blitz)"]

1. d4 d6 2. e4 Nf6 3. Nc3 e5 4. dxe5 dxe5 5. Qxd8+ Kxd8 6. Bg5 Be6 7. O-O-O+ Nbd7 8. f4 exf4 9. e5 h6 10. Bh4 g5 11. exf6 gxh4 12. Nge2 Bd6 13. Ne4 Be5 14. Nd4 Bg4 15. Be2 Bxe2 16. Nxe2 Rg8 17. Nc5 Bd6 18. Nxb7+ Kc8 19. Nxd6+ cxd6 20. Rxd6 Rxg2 21. Nxf4 Rf2 22. Nh5 Rf5 23. Rhd1 Nb6 24. Ng7 Rf2 25. c4 Kb7 26. b3 Rxh2 27. R1d2 Rh1+ 28. Kb2 h3 29. c5 h2 30. Ka3 Nc8 31. Rd7+ Kc6 32. Rxf7 Kb5 33. Nf5 Rf1 34. Nd4+ Kxc5 35. b4+ Kb6 36. Rxh2 Nd6 37. Rd7 Nc4+ 38. Kb3 Rc8 39. Rxh6 Rb1+ 40. Kc2 Na3+ 41. Kd3 Rd1+ 42. Ke4 Re1+ 43. Kd5 Rc7 44. f7+ Kb7 45. Rxc7+ Kxc7 46. f8=Q Rc1 47. Qd6+ Kb7 48. Rh7+ Rc7 49. Qxc7+ Ka6 50. Rh6# 1-0

[Event "Knighthood Blitz"]
[Site "Vishy Anand Arena"]
[Date "2020.08.01"]
[Round "5"]
[White "Shadow_master"]
[Black "ItsTime"]
[Result "1/2-1/2"]
[WhiteElo "2100"]
[BlackElo "2151"]
[PlyCount "128"]
[EventDate "2020.08.01"]
[EventType "swiss (blitz)"]

1. e4 c6 2. Nf3 d5 3. d3 g6 4. Qe2 Bg7 5. g3 dxe4 6. dxe4 e5 7. Bg2 Ne7 8. O-O O-O 9. Rd1 Qc7 10. Nbd2 b5 11. Nb3 a5 12. Nc5 Nd7 13. Be3 Nb6 14. a4 Nc4 15. Bc1 Rb8 16. b3 Nd6 17. Bb2 f6 18. Rd2 Kh8 19. Rad1 Nf7 20. Ba3 Qa7 21. Nd3 b4 22. Bb2 Ba6 23. Qe1 c5 24. Bc1 c4 25. bxc4 Bxc4 26. Nb2 Be6 27. Rd3 Rbc8 28. Be3 Qc7 29. R1d2 Rfd8 30. h4 Rxd3 31. Nxd3 Qc3 32. h5 Kg8 33. hxg6 hxg6 34. Qd1 Rd8 35. Nc5 Rxd2 36. Qxd2 Qxd2 37. Nxd2 Bc8 38. Ndb3 Nc6 39. Bf1 Nd6 40. f3 Bf8 41. Bb5 Nb8 42. Nxa5 f5 43. Kg2 fxe4 44. fxe4 Bg4 45. Nc4 Bd1 46. Nxd6 Bxd6 47. a5 Bxc2 48. a6 Nxa6 49. Nxa6 b3 50. Ba4 Bxe4+ 51. Kf2 b2 52. Bb3+ Kh7 53. Ba2 b1=Q 54. Bxb1 Bxb1 55. Bc5 Bxc5+ 56. Nxc5 Bf5 57. Ke3 Kh6 58. Na6 Kg5 59. Nb4 Kg4 60. Nc6 Kxg3 61. Nxe5 g5 62. Nf7 g4 63. Ne5 Kh4 64. Nxg4 Bxg4 1/2-1/2

[Event "Knighthood Blitz"]
[Site "Vishy Anand Arena"]
[Date "2020.08.01"]
[Round "5"]
[White "Unforgettable"]
[Black "chessylife"]
[Result "1-0"]
[WhiteElo "2093"]
[BlackElo "2020"]
[PlyCount "65"]
[EventDate "2020.08.01"]
[EventType "swiss (blitz)"]

1. e4 c5 2. Nf3 d6 3. d4 cxd4 4. Qxd4 Nf6 5. h3 a6 6. c4 Nc6 7. Qd3 g6 8. Nc3 Bg7 9. Be2 O-O 10. O-O Bd7 11. Bg5 h6 12. Be3 Ne5 13. Nxe5 dxe5 14. Nd5 Nxd5 15. exd5 f5 16. f3 Kh7 17. Rac1 f4 18. Bf2 Bf5 19. Qd2 Qd7 20. Rfd1 e4 21. fxe4 Bxe4 22. Bg4 Qc7 23. c5 f3 24. Rc4 Bxd5 25. Qxd5 Rad8 26. Bd7 fxg2 27. Rg4 Rf5 28. Qd3 e5 29. Bxf5 Rxd3 30. Bxg6+ Kh8 31. Rxd3 e4 32. Bxe4 Be5 33. Rf3 1-0

[Event "Knighthood Blitz"]
[Site "Vishy Anand Arena"]
[Date "2020.08.01"]
[Round "5"]
[White "Pavala"]
[Black "Quality_959"]
[Result "1-0"]
[WhiteElo "2084"]
[BlackElo "1502"]
[Annotator "NA"]
[PlyCount "77"]
[EventDate "2020.08.01"]
[EventType "swiss (blitz)"]

1. d4 d5 2. Bf4 Bf5 3. e3 Nf6 4. Nf3 e6 5. c3 Bd6 6. Bg3 Nbd7 7. Bxd6 cxd6 8. Nbd2 O-O 9. Be2 Rc8 10. O-O e5 11. h3 Ne4 12. Qb3 Qb6 13. Nxe4 Qxb3 14. axb3 Bxe4 15. Rxa7 h6 16. Rxb7 Nf6 17. Ra1 Bc2 18. dxe5 dxe5 19. Nxe5 Be4 20. Raa7 d4 21. Rxf7 Rxf7 22. Nxf7 dxc3 23. bxc3 Rxc3 24. Bc4 Kh7 25. Nd6 Bc2 26. Nb5 Rxc4 27. bxc4 Bd3 28. Nd6 Ne4 29. Nxe4 Bxe4 30. c5 Bc6 31. Rc7 Bd5 32. f3 Kg6 33. e4 Ba8 34. Ra7 Bxe4 35. fxe4 Kg5 36. c6 Kf4 37. c7 g5 38. c8=Q h5 39. Rf7+ 1-0

[Event "Knighthood Blitz"]
[Site "Vishy Anand Arena"]
[Date "2020.08.01"]
[Round "5"]
[White "Position"]
[Black "vaibhavgautam"]
[Result "1-0"]
[WhiteElo "2074"]
[BlackElo "1650"]
[PlyCount "47"]
[EventDate "2020.08.01"]
[EventType "swiss (blitz)"]

1. e4 c5 2. Nc3 Nc6 3. g3 Nf6 4. Bg2 g6 5. Nge2 Bg7 6. O-O O-O 7. d3 d6 8. h3 a6 9. Bg5 Rb8 10. Qd2 b5 11. Bh6 Bb7 12. Bxg7 Kxg7 13. Nd5 Nxd5 14. exd5 Ne5 15. f4 Qd7 16. fxe5 dxe5 17. c4 bxc4 18. dxc4 f5 19. Qc3 Kg8 20. Qxe5 a5 21. Nf4 Ba6 22. b3 a4 23. Ne6 Rf7 24. Qxb8+ 1-0

[Event "Knighthood Blitz"]
[Site "Vishy Anand Arena"]
[Date "2020.08.01"]
[Round "5"]
[White "Junosource"]
[Black "slienteyes"]
[Result "1-0"]
[WhiteElo "2061"]
[BlackElo "2113"]
[PlyCount "67"]
[EventDate "2020.08.01"]
[EventType "swiss (blitz)"]

1. d4 Nf6 2. c4 g6 3. Nc3 Bg7 4. e4 d6 5. Nf3 O-O 6. Be2 e5 7. d5 a5 8. Bg5 h6 9. Be3 Na6 10. Nd2 Nd7 11. g4 Nac5 12. h4 c6 13. h5 g5 14. Nf1 cxd5 15. cxd5 b5 16. Bxb5 Qb6 17. a4 Nf6 18. f3 Ba6 19. Ng3 Rfc8 20. O-O Qd8 21. Nf5 Bf8 22. Kg2 Bxb5 23. Nxb5 Rab8 24. b3 Na6 25. Qd2 Nb4 26. Rac1 Nh7 27. Rxc8 Rxc8 28. Rc1 Rxc1 29. Qxc1 Nd3 30. Qc6 Nf4+ 31. Kf1 Qf6 32. Nbxd6 Qd8 33. Qe8 Qb6 34. Bxb6 1-0

[Event "Knighthood Blitz"]
[Site "Vishy Anand Arena"]
[Date "2020.08.01"]
[Round "5"]
[White "ilamparthi"]
[Black "Sidba"]
[Result "1-0"]
[WhiteElo "2053"]
[BlackElo "1723"]
[PlyCount "80"]
[EventDate "2020.08.01"]
[EventType "swiss (blitz)"]

1. Nf3 d5 2. g3 Nf6 3. Bg2 g6 4. O-O Bg7 5. d3 O-O 6. Nbd2 c5 7. e4 Nc6 8. Re1 Bg4 9. h3 Bxf3 10. Qxf3 Nd4 11. Qd1 Re8 12. c3 Nc6 13. exd5 Nxd5 14. Nc4 Qd7 15. Bd2 b5 16. Ne3 Nxe3 17. Bxe3 Rad8 18. Bxc5 Ne5 19. d4 Nc4 20. b3 Nb6 21. Qf3 Qc7 22. Qc6 Rc8 23. Qxb5 e5 24. Rad1 Nd7 25. Bb4 Rb8 26. Qa4 exd4 27. cxd4 Rxe1+ 28. Rxe1 Bxd4 29. Bd2 Bc5 30. Bf4 Qb6 31. Bxb8 Bxf2+ 32. Kh2 Bxe1 33. Bxa7 Qd6 34. Qf4 Ne5 35. Bd4 f6 36. a4 g5 37. Bxe5 gxf4 38. Bxd6 Bxg3+ 39. Kg1 Kf7 40. a5 Ke6 1-0

[Event "Knighthood Blitz"]
[Site "Vishy Anand Arena"]
[Date "2020.08.01"]
[Round "5"]
[White "Openyagami"]
[Black "RACEKING"]
[Result "0-1"]
[WhiteElo "2052"]
[BlackElo "2375"]
[PlyCount "100"]
[EventDate "2020.08.01"]
[EventType "swiss (blitz)"]

1. Nf3 d5 2. c4 d4 3. g3 Nc6 4. Bg2 e5 5. O-O e4 6. Ne1 h5 7. Bxe4 h4 8. d3 Bh3 9. Ng2 Nf6 10. Bf3 hxg3 11. fxg3 Qd7 12. Qa4 Ng4 13. Na3 Bxg2 14. Bxg2 Nxh2 15. Rf4 Bd6 16. Nb5 Bxf4 17. Bxf4 Rc8 18. Nxa7 Nxa7 19. Qxa7 c6 20. Qc5 Ng4 21. Qg5 Kf8 22. Rf1 Re8 23. c5 Kg8 24. Be4 Ne3 25. Bxe3 dxe3 26. Qf5 Qc7 27. Kg2 Re5 28. Qf4 Qe7 29. b4 Reh5 30. Kf3 g6 31. Kxe3 f5 32. g4 Rh3+ 33. Kd4 fxe4 34. dxe4 Kg7 35. e3 Rd8+ 36. Kc3 Rf8 37. Qd6 Qxd6 38. cxd6 Rxf1 39. e5 Kf7 40. Kd4 Ke6 41. Kc5 Rd1 42. d7 Rxd7 43. Kb6 Kxe5 44. a4 Rxe3 45. Kc5 Rc3+ 46. Kb6 Rc4 47. Ka5 Rxg4 48. b5 cxb5 49. axb5 Rd6 50. b6 Rd5# 0-1